Catálogo

Hermeneútica y analogía en psicoanálisis : (Registro nro. 73117)

Detalles MARC
000 -LEADER
fixed length control field 01174cam a22003257i 4500
001 - CONTROL NUMBER
control field 41413
003 - CONTROL NUMBER IDENTIFIER
control field Mx-PuUPA
005 - DATE AND TIME OF LATEST TRANSACTION
control field 20250815120703.0
008 - FIXED-LENGTH DATA ELEMENTS--GENERAL INFORMATION
fixed length control field 250815s2011 mx gr 001 0 spa d
020 ## - INTERNATIONAL STANDARD BOOK NUMBER
International Standard Book Number 9786070218385
040 ## - CATALOGING SOURCE
Original cataloging agency Mx-PuUPA
Language of cataloging spa
Transcribing agency Mx-PuUPA
Modifying agency Mx-PuUPA
Description conventions rda
041 0# - LANGUAGE CODE
Language code of text/sound track or separate title spa
100 1# - MAIN ENTRY--PERSONAL NAME
Personal name Beuchot, Mauricio,
Dates associated with a name 1950-
9 (RLIN) 14180
Relator term autor
245 10 - TITLE STATEMENT
Title Hermeneútica y analogía en psicoanálisis :
Remainder of title una aproximación psicológica /
Statement of responsibility, etc. Mauricio Beuchot, Ricardo Blanco, Ada Luz Sierra
250 ## - EDITION STATEMENT
Edition statement Primera edición /
Remainder of edition statement enero
264 #1 - PRODUCTION, PUBLICATION, DISTRIBUTION, MANUFACTURE, AND COPYRIGHT NOTICE
Place of production, publication, distribution, manufacture México, D.F. :
Name of producer, publisher, distributor, manufacturer Universidad Nacional Autónoma de México,
Date of production, publication, distribution, manufacture, or copyright notice 2011
300 1# - PHYSICAL DESCRIPTION
Extent 140 páginas ;
Dimensions 21 cm
336 ## - CONTENT TYPE
Fuente rdacontent
Content type term texto
Content type code txt
337 ## - MEDIA TYPE
Source rdamedia
Media type term sin medio
Media type code n
338 ## - CARRIER TYPE
Source rdacarrier
Carrier type term volumen
Carrier type code nc
490 0# - SERIES STATEMENT
Series statement Cuadernos del Seminario de Hermeneútica ;
Volume/sequential designation 3
650 #7 - SUBJECT ADDED ENTRY--TOPICAL TERM
Source of heading or term armarc
Topical term or geographic name entry element Hermeneútica analógica
650 #7 - SUBJECT ADDED ENTRY--TOPICAL TERM
Source of heading or term armarc
Topical term or geographic name entry element Psicoanálisis
General subdivision Metodología
650 #7 - SUBJECT ADDED ENTRY--TOPICAL TERM
Source of heading or term armarc
Topical term or geographic name entry element Teoría psicoanalítica
700 1# - ADDED ENTRY--PERSONAL NAME
Personal name Blanco, Ricardo,
Relator term autor
700 1# - ADDED ENTRY--PERSONAL NAME
Personal name Sierra, Ada Luz,
Relator term autor
942 ## - ADDED ENTRY ELEMENTS (KOHA)
Source of classification or shelving scheme Dewey Decimal Classification
Koha item type Libro
Classification part 121.686
Item part B567
Existencias
Withdrawn status Lost status Source of classification or shelving scheme Damaged status Not for loan Collection code Home library Current library Shelving location Date acquired Source of acquisition Total Checkouts Full call number Barcode Date last seen Price effective from Koha item type
    Dewey Decimal Classification     General Centro de Estudios e Investigaciones en Hermenéutica Analógica Centro de Estudios e Investigaciones en Hermenéutica Analógica Sala general 03/12/2013 Compra   121.686 B567 2011 62481 14/08/2025 03/12/2013 Libro